|
|
|
|
| LEADER |
01328nam a2200253 u 4500 |
| 001 |
10022907 |
| 003 |
GR-PaULI |
| 005 |
20240119120411.0 |
| 008 |
990628s1996 gr gre |
| 020 |
|
|
|a 9603433576
|
| 040 |
|
|
|a GR-PaULI
|c GR-PaULI
|b gre
|e AACR2
|
| 082 |
0 |
4 |
|a 379.26
|2 23
|
| 100 |
1 |
|
|a Κυρίδης, Αργύρης Γ.
|e συγγραφέας.
|9 41586
|
| 245 |
1 |
0 |
|a Εκπαιδευτική ανισότητα :
|b οριοθέτηση και προσπάθειες θεωρητικής προσέγγισής της /
|c Αργύρης Κυρίδης.
|
| 260 |
|
|
|a Θεσσαλονίκη :
|b Κυριακίδη,
|c 1996.
|
| 300 |
|
|
|a 149 σ. :
|b εικ. ;
|c 24 εκ.
|
| 504 |
|
|
|a Περιλαμβάνει βιβλιογραφικές παραπομπές,
|
| 650 |
|
4 |
|9 52144
|a Εκπαίδευση και κοινωνία
|
| 650 |
|
4 |
|9 38557
|a Εκπαιδευτική ισότητα
|
| 942 |
|
|
|2 ddc
|c BK15
|
| 952 |
|
|
|0 0
|1 0
|2 ddc
|4 0
|6 379_260000000000000_ΚΥΡ
|7 0
|9 188403
|a LISP
|b LISP
|c BSC
|d 2016-04-24
|i 045053
|l 5
|m 1
|o 379.26 ΚΥΡ
|p 025000058377
|r 2023-01-23 00:00:00
|s 2023-01-19
|t 1
|w 2016-04-24
|y BK15
|
| 952 |
|
|
|0 0
|1 0
|4 0
|6 379_260000000000000_ΚΥΡ
|7 0
|9 188404
|a PTDE
|b PTDE
|d 2016-04-24
|i 6109
|l 0
|o 379.26 ΚΥΡ
|p 025000058383
|r 2016-04-24 00:00:00
|t 2
|w 2016-04-24
|y BK15
|
| 998 |
|
|
|c ΜΠΟΥΡΑΣ
|d 2017-10
|
| 999 |
|
|
|c 116130
|d 116130
|